| 000 | 00865nam a2200265Ia 4500 | ||
|---|---|---|---|
| 003 | OSt | ||
| 005 | 20220925230833.0 | ||
| 006 | a|||||r|||| 00| 0 | ||
| 007 | ta | ||
| 008 | 220923b |||||||| |||| 00| 0 eng d | ||
| 020 |
_a9789352800117 _c1095.00 |
||
| 037 |
_b64, 23/01/2019, CLASSIC BOOKS SERVICES _cGeneral Book |
||
| 040 |
_aRTL _cRTL _beng |
||
| 041 |
_2eng _aeng |
||
| 082 | _aX:54.1hN95, Q8 | ||
| 100 |
_aDAS Abhijit _9294427 |
||
| 245 | 0 |
_aTrans-Pacific partnership agreement _b A Framework for future trade rules? |
|
| 260 |
_aLos _bAngeles Sage _c2018 |
||
| 300 |
_axv, 340P. _ccm. |
||
| 500 | _aApendices: p 221-231 | ||
| 650 | _aEconomics | ||
| 700 |
_a SINGH Shailja _9294428 |
||
| 942 |
_hX:54.1hN95, Q8 _cGB _2CC |
||
| 999 |
_c586681 _d586681 |
||